000 00425nam a22001217a 4500
008 230629b xxu||||| |||| 00| 0 eng d
082 _a346.06
_bEAC
100 _cEast African Community
245 _aSecretariat of the commission for East African Co-operation
_bReports of the Permanent Tripartite Commission
_cSixth and Seventh Meetings
260 _aArusha, Tanzania
_bEAC
_c2003
300 _avarious panging
942 _2ddc
_cBK
999 _c3049
_d3049